| 000 | 00990cam a2200301 4500 | ||
|---|---|---|---|
| 001 | M2049 | ||
| 008 | 090401t1996 xxu||||| |||| 00| 0 eng d | ||
| 035 | _a(Sirsi) u96298 | ||
| 041 | _aeng | ||
| 110 |
_aRoyal Institution of Chartered Surveyors _94900 |
||
| 245 | _aHouse of Lords European Communities Committee : an inquiry into enlargement and common agricultural policy reform. | ||
| 260 |
_aLondon _bRICS _c1996 |
||
| 300 | _a(6)p. ; 30cm. | ||
| 350 | _a4 | ||
| 490 |
_aRICS Memorandum _vPU/REPORT(96)03 |
||
| 520 | _aResponse to a request from Sub Committee D (Agriculture, Fisheries and Consumer Protection) of the House of Lords European Communities Committee. | ||
| 650 | _aAGRICULTURE | ||
| 650 | _aCAP REFORM | ||
| 650 | _aCAP | ||
| 650 | _aCOMMON AGRICULTURAL POLICY | ||
| 650 | _aEUROPE | ||
| 650 | _aEUROPEAN COMMUNITY | ||
| 650 | _aRURAL ENTERPRISE | ||
| 650 | _aSUSTAINABLE DEVELOPMENT | ||
| 690 | _aRURAL PRACTICE | ||
| 942 | _n0 | ||
| 948 | _c04/03/1997 | ||
| 999 |
_c98624 _d98624 |
||